| 000 | 00410nam a2200169Ia 4500 | ||
|---|---|---|---|
| 008 | 241115s9999 xx 000 0 und d | ||
| 020 | _a81-7656-040-5 | ||
| 082 | _a005.133 KAN | ||
| 100 | _aKanetkar, Yashvant | ||
| 245 | 0 | _aLet Us C | |
| 250 | _a3rd ed. | ||
| 260 |
_aNag:pur _bBPB Publications, _c2002 |
||
| 300 | _axx,772p. | ||
| 600 | _aComputer Science | ||
| 650 | _aComputer Science | ||
| 942 | _cBBD | ||
| 999 |
_c24987 _d24987 |
||